000 00588nam a2200253Ia 4500
005 20260320200834.0
008 008 262003s9999 xx 000 0 eng d
020 _a9781596933804
037 _aEBOOK
040 _aCRL
040 _beng
040 _cCRL
041 _2eng
041 _aeng
084 _qCRL
100 _aFenn
245 0 _aAdaptive Phased Array Thermotherapy for Cancer
260 _bIEEE
260 _c2008
856 _uhttps://ieeexplore.ieee.org/servlet/opac?bknumber=9100816
942 _cEBOOK
999 _c1717218
_d1717218